000 00236 a2200097 4500
001 51259
100 _aScott G M
245 _aPrinciples of Management Information Systems
260 _aNew York
_bMcGraw Hill
_c
090 _c32450
_d32450
942 _aNUST-CAE
_cM
_c24948
999 _c286332
_d286332